书目信息 |
| 题名: |
从农民到市民“城中村”居民体育生活社会空间转向研究
|
|
| 作者: | 崔雪梅 著 | |
| 分册: | ||
| 出版信息: | 北京 人民日报出版社 2018 |
|
| 页数: | 188页 | |
| 开本: | 25cm | |
| 丛书名: | 人民日报学术文库 | |
| 单 册: | ||
| 中图分类: | G812.4 | |
| 科图分类: | ||
| 主题词: | 群众体育--qun zhong ti yu--研究--中国 | |
| 电子资源: | ||
| ISBN: | 978-7-5115-5318-8 | |
| 000 | 01260nam 2200289 450 | |
| 001 | 012001002896 | |
| 005 | 20131031143759.0 | |
| 010 | @a978-7-5115-5318-8@b精装@dCNY68.00 | |
| 099 | @aCAL 012018127098 | |
| 100 | @a20180905d2018 em y0chiy50 ea | |
| 101 | 0 | @achi |
| 102 | @aCN@b110000 | |
| 105 | @aak a 000yy | |
| 106 | @ar | |
| 200 | 1 | @a从农民到市民“城中村”居民体育生活社会空间转向研究@Acong nong min dao shi min “ cheng zhong cun ” ju min ti yu sheng huo she hui kong jian zhuan xiang yan jiu@f崔雪梅著 |
| 210 | @a北京@c人民日报出版社@d2018 | |
| 215 | @a188页@c图@d25cm | |
| 225 | 2 | @a人民日报学术文库@Aren min ri bao xue shu wen ku |
| 314 | @a崔雪梅, 廊坊师范学院副教授, 北京体育大学博士, 清华大学博士后。 | |
| 320 | @a有书目 (第173-184页) | |
| 330 | @a本书以城中村居民参与体育活动的空间作为实地调查的实验室, 运用个案研究, 以个人、家庭、组织及社会为纽带理解城中村体育发展现状, 观察城中村居民的体育活动方式, 分析城中村居民体育活动现状、存在问题及其原因, 以期通过发展城中村体育来促进城中村居民的现代化进程。 | |
| 410 | 0 | @12001 @a人民日报学术文库 |
| 606 | 0 | @a群众体育@Aqun zhong ti yu@x研究@y中国 |
| 690 | @aG812.4@v5 | |
| 701 | 0 | @a崔雪梅@Acui xue mei@4著 |
| 801 | @b江苏凤凰@c20191020 | |
| 905 | @b1231126-31@dG812.4@e120@f6 | |
| 从农民到市民“城中村”居民体育生活社会空间转向研究/崔雪梅著.-北京:人民日报出版社,2018 |
| 188页:图;25cm.-(人民日报学术文库) |
| ISBN 978-7-5115-5318-8(精装):CNY68.00 |
| 本书以城中村居民参与体育活动的空间作为实地调查的实验室, 运用个案研究, 以个人、家庭、组织及社会为纽带理解城中村体育发展现状, 观察城中村居民的体育活动方式, 分析城中村居民体育活动现状、存在问题及其原因, 以期通过发展城中村体育来促进城中村居民的现代化进程。 |
| ● |
| 相关链接 |
|
|
|
|
正题名:从农民到市民"城中村"居民体育生活社会空间转向研究
索取号:G812.4/120
 
预约/预借
| 序号 | 登录号 | 条形码 | 馆藏地/架位号 | 状态 | 备注 |
| 1 | 1231126 | 212311265 | 第一样本阅览室/ [索取号:G812.4/120] | 在馆 | |
| 2 | 1231127 | 212311274 | 教育系资料室/ [索取号:G812.4/120] | 在馆 | |
| 3 | 1231128 | 212311283 | 教育系资料室/ [索取号:G812.4/120] | 在馆 | |
| 4 | 1231129 | 212311292 | 教育系资料室/ [索取号:G812.4/120] | 在馆 | |
| 5 | 1231130 | 212311309 | 第四借阅区/ [索取号:G812.4/120] | 在馆 | |
| 6 | 1231131 | 212311318 | 第四借阅区/ [索取号:G812.4/120] | 在馆 |